00673nam a22001817a 4500003001100000008004100011040003900052041000800091082001600099111008400115245003900199260005100238300004000289520003800329650004300367650002700410650005400437LK-CoMWRAF240624b2004 |||||||| |||| 00| 0 eng d aLK-CoMWRAFdLK-CoMWRAFeLK-CoMWRAF aeng a305.42bWOM aNINTH NATIONAL CONVENTION ON WOMEN'S STUDIES c( Colombo, d20-23rd March 2004) aSESSION IV:bGender based violence aColombo: bCentre for Women's Research, c2004 aVarious pg. bBibliography included aAn article from MWRAF is included aWOMEN'S STUDIES- Sri Lanka- Congresses aProstitution-Sri Lanka aSexual harassment-Public transportation-Sri Lanka